[Event "CUB Province-chT Schools 54th"]
[Site "Santa Clara"]
[Date "2018.07.13"]
[Round "2.3"]
[White "Arce Mesa, Roxana Araiz"]
[Black "Cordon Antunez, Olga Rachel"]
[Result "1/2-1/2"]
[WhiteElo "1883"]
[BlackElo "1851"]
[PlyCount "81"]
[EventDate "2018.07.13"]
[EventType "team-swiss"]
[EventRounds "9"]
[EventCountry "CUB"]
[SourceTitle "CBM 195 Extra"]
[Source "ChessBase"]
[SourceDate "2020.05.31"]
[SourceVersion "1"]
[SourceVersionDate "2020.05.31"]
[SourceQuality "1"]
[WhiteTeam "Pinar del Rio"]
[BlackTeam "Holguin"]
[WhiteTeamCountry "CUB"]
[BlackTeamCountry "CUB"]

1. e4 e5 2. Nf3 Nc6 3. Bb5 Nf6 4. d3 d6 5. c3 Bd7 6. 0-0 g6 7. Bg5 h6 8. Be3 Bg7 9. Nbd2 0-0 10. a4 Qe7 11. a5 a6 12. Bc4 Be6 13. Qb3 Bxc4 14. Nxc4 Rfb8 15. Rfe1 Nd7 16. Ncd2 Kh8 17. d4 f5 18. exf5 gxf5 19. dxe5 dxe5 20. Nc4 e4 21. Nd4 Nxd4 22. Bxd4 Bxd4 23. cxd4 Qg7 24. Rad1 Rg8 25. Qh3 Raf8 26. Re3 Nf6 27. Rg3 Qh7 28. Ne5 Nd5 29. Rxg8+ Rxg8 30. Qh4 Qg7 31. Qg3 Qxg3 32. hxg3 Re8 33. Rc1 Kg7 34. Kf1 Re7 35. Ke2 Nb4 36. Rc4 Nd5 37. Rc5 Nb4 38. b3 b6 39. axb6 cxb6 40. Rc4 a5 41. Rc8 1/2-1/2

[Event "CUB School-chT"]
[Site "Santa Clara"]
[Date "2017.07.15"]
[Round "6.1"]
[White "Obregon Garcia, Roxangel"]
[Black "Arce Mesa, Roxana Araiz"]
[Result "1/2-1/2"]
[WhiteElo "2135"]
[BlackElo "1758"]
[PlyCount "94"]
[EventDate "2017.07.13"]
[EventType "team-swiss"]
[EventRounds "9"]
[EventCountry "CUB"]
[SourceTitle "EXT 2023"]
[Source "ChessBase"]
[SourceDate "2022.10.05"]
[SourceVersion "1"]
[SourceVersionDate "2022.10.05"]
[SourceQuality "1"]

1. e4 e6 2. d4 d5 3. Nd2 Nf6 4. e5 Nfd7 5. c3 c5 6. f4 b6 7. Ndf3 Ba6 8. Ne2 Nc6 9. g3 Qc8 10. Kf2 cxd4 11. Nexd4 Bxf1 12. Rxf1 Nc5 13. Kg2 a6 14. f5 Ne7 15. fxe6 Nxe6 16. Ng5 Nxg5 17. Bxg5 Ng6 18. Qf3 Qb7 19. Rae1 h6 20. Bd2 Bc5 21. e6 0-0 22. Qh5 Kh7 23. exf7 Rxf7 24. Re6 Nh4+ 25. gxh4 Rxf1 26. Kxf1 Bxd4 27. cxd4 Qd7 28. Qg6+ Kh8 29. Bxh6 Qb5+ 30. Ke1 Qb4+ 31. Bd2 Qxd4 32. Bc3 Qxh4+ 33. Kd1 d4 34. Re4 Qxh2 35. Bxd4 Qh1+ 36. Kd2 Qh2+ 37. Re2 Qf4+ 38. Re3 Qxd4+ 39. Rd3 Qf2+ 40. Kc1 Qe1+ 41. Kc2 Qf2+ 42. Kb3 Rf8 43. Rh3+ Kg8 44. Qh7+ Kf7 45. Qh5+ Kg8 46. Qh7+ Kf7 47. Qh5+ Kg8 1/2-1/2

[Event "CUB School-chT"]
[Site "Santa Clara"]
[Date "2017.07.13"]
[Round "1.2"]
[White "Hernandez Gil, Ineymig"]
[Black "Arce Mesa, Roxana Araiz"]
[Result "1-0"]
[WhiteElo "1900"]
[BlackElo "1758"]
[PlyCount "75"]
[EventDate "2017.07.13"]
[EventType "team-swiss"]
[EventRounds "9"]
[EventCountry "CUB"]
[SourceTitle "EXT 2023"]
[Source "ChessBase"]
[SourceDate "2022.10.05"]
[SourceVersion "1"]
[SourceVersionDate "2022.10.05"]
[SourceQuality "1"]

1. e4 e6 2. d4 d5 3. Nd2 Nf6 4. e5 Nfd7 5. Bd3 c5 6. c3 Nc6 7. Ne2 cxd4 8. cxd4 f6 9. Nf4 Nxd4 10. Qh5+ Ke7 11. exf6+ Nxf6 12. Ng6+ hxg6 13. Qxh8 Kf7 14. 0-0 e5 15. Nb3 Nxb3 16. axb3 Bf5 17. Bxf5 gxf5 18. Bg5 Bc5 19. Qh3 Qd7 20. Ra5 b6 21. Ra6 Qb5 22. Bxf6 Kxf6 23. Rfa1 Qe2 24. Qh4+ Kg6 25. b4 Bd4 26. R6a3 f4 27. Rh3 Qxb2 28. Rf1 a5 29. Qh7+ Kf6 30. Rh5 axb4 31. Rf5+ Ke7 32. Qxg7+ Kd6 33. Rf6+ Kc5 34. Qc7+ Kb5 35. Qc6+ Ka5 36. Qxa8+ Kb5 37. Qc6+ Ka5 38. Rf8 1-0